|
|
|
|
| LEADER |
00000nab a2200000 a 4500 |
| 001 |
vtls010553277 |
| 003 |
SK-MaSNL |
| 005 |
20260303204249.0 |
| 008 |
180907 2013 xo e 000 0 slo |
| 038 |
|
|
|a PPPK
|
| 040 |
|
|
|a PPPKCL
|b slo
|c PPPK
|e AACR2
|
| 041 |
0 |
|
|a slo
|
| 044 |
|
|
|a xo
|c SK
|
| 080 |
|
|
|a 379.83/.84
|x (437.6-17)
|2 2001
|
| 080 |
|
|
|a 796.032.2
|2 2001
|
| 245 |
0 |
0 |
|a Po prvýkrát sa uskutočnil Medzinárodný olympijský tábor vo Vysokých Tatrách
|c [text a foto] (ija)
|
| 300 |
|
|
|b Fotogr.
|
| 610 |
2 |
7 |
|a Grand Hotel Bellevue (Horný Smokovec, Slovensko)
|2 pppkcl
|9 490913
|
| 610 |
2 |
7 |
|a Slovenský olympijský výbor
|2 pppkcl
|9 193778
|
| 611 |
2 |
7 |
|a Medzinárodný olympijský tábor detí
|d (2013 :
|c Horný Smokovec, Slovensko)
|2 pppkcl
|9 1237798
|
| 648 |
|
7 |
|a 17.-21.7.2013
|2 pppkcl
|9 1237118
|
| 650 |
0 |
7 |
|a detské tábory
|2 pppkcl
|9 30299
|
| 650 |
0 |
7 |
|a olympijské hry
|2 pppkcl
|9 3300
|
| 650 |
0 |
7 |
|a medzinárodné detské tábory
|2 pppkcl
|9 1060356
|
| 651 |
|
7 |
|a Vysoké Tatry (Poľsko a Slovensko : pohorie)
|2 SNKPHgeo
|9 67729
|
| 651 |
|
7 |
|a Horný Smokovec (Vysoké Tatry, Slovensko)
|2 pppkcl
|9 160793
|
| 773 |
0 |
|
|t Tatranský dvojtýždenník
|g Roč. XXIV, č. 16-17 (2013), s. 21
|
| 852 |
|
|
|a PPPK
|b KIS3GCP
|
| 999 |
|
|
|c 2189191
|d 2191121
|